عرض عادي
عرض مارك
- Ur, Penny.
مدخل إسم شخص
001 - رقم الضبط
- حقل الضبط: 39356
003 - معرف رقم الضبط
- حقل الضبط: OSt
005 - تاريخ ووقت أخر عملية
- حقل الضبط: 20131106160552.0
008 - عناصر بيانات ثابتة الطول
- حقل تحكم ثابت الطول: 131106|||a|||||| | ||| d
040 ## - مصدر الفهرسة
- هيئة الفهرسة الأصلية: OSt
- وكالة الكتابة: OSt
100 ## - مدخل -- أسم شخص
- إسم شخص: Ur, Penny.
670 ## - بيانات المصدر موجوده
- الاستشهاد بالمصدر: Work cat.: (OSt)0: Ur, Penny., A course in language teaching :, 1999.
